000 01479cam a2200361 a 4500
001 15601025
005 20170105102350.0
008 090127s2009 nyua b 001 0 eng
010 _a 2009002517
015 _aGBA945257
_2bnb
016 7 _a015175638
_2Uk
020 _a9781594488733
020 _a1594488738
035 _a(OCoLC)ocn262428484
040 _aDLC
_cDLC
_dBTCTA
_dYDXCP
_dC#P
_dUKM
_dBWX
_dDLC
050 0 0 _aQP398
_b.R47 2009
082 0 0 _a612.82
_222
100 1 _aRestak, Richard M.,
_d1942-
245 1 0 _aThink smart : a neuroscientist's prescription for improving your brain's performance
_ba neuroscientist's prescription for improving your brain's performance
_cRichard Restak.
260 _aNew York :
_bRiverhead Books,
_c2009.
300 _a275 p. :
_bill. ;
_c22 cm.
504 _aIncludes bibliographical references (p. [259]-266) and index.
650 0 _aBrain
_xAging
_xPrevention.
650 0 _aMental work.
650 0 _aNutrition.
650 0 _aMind and body.
650 0 _aSelf-care, Health.
856 4 2 _3Contributor biographical information
_uhttp://www.loc.gov/catdir/enhancements/fy0913/2009002517-b.html
856 4 2 _3Publisher description
_uhttp://www.loc.gov/catdir/enhancements/fy0913/2009002517-d.html
906 _a7
_bcbc
_corignew
_d1
_eecip
_f20
_gy-gencatlg
942 _2ddc
_cBK
999 _c11908
_d11908